00850nam a2200241 a 450000100100000000500170001000800410002702000150006804000250008308200170010810000290012524500600015426000280021430000360024249000300027850000340030850000350034250000470037783000370042404900090046195201210047099900170059100002472820200930023332.0110203s1999 sp ac r 001 0 spa d a8420790591 aDO-SdBNPbspacBNPHU axxxxxbS941s1 aSubirats, Eduardo95073610aSobre la libertad :bnotas de viaje /cEduardo Subirat. aMadrid :bAnaya,c1999. a111 p. :bil., retrs. ;c21 cm.1 aPunto de referencia Anaya aIncluye índice analítico. aIncluye índice onomástico. aIncluye referencia biográfica del autor. 0aPunto de referencia Anaya944582 aBNGR 001054708MOaGRbGRcCTd2011-02-03iLF1l0oxxxxx S941sp24728-10r2020-06-25w2020-06-25y4ZPréstamo en sala c24221d24221